| 000 | 00744nam a2200217Ii 4500 | ||
|---|---|---|---|
| 003 | JO-AjNU | ||
| 008 | 230605s9999||||xx |||||||||||||| ||und|| | ||
| 020 | _a9953-18-126-8 | ||
| 040 |
_aJO-AjNU _bara _erda _cJO-AjNU |
||
| 041 | _aara | ||
| 050 | 1 | 4 | _aBP173.75.Q36 2005 |
| 100 | 3 |
_aقلعه جي، محمد رواس, _eauthor _956563 |
|
| 245 | 0 | 0 | _aمباحث في الإقتصاد الإسلامي من أصوله الفقهية |
| 250 | _aط6 | ||
| 264 | 3 | 1 | _aبيروت: دار النفائس للطباعة والنشر والتوزيع، 2005 |
| 300 | _a176ص | ||
| 336 |
_atext _btxt _2rdacontent |
||
| 337 |
_aunmediated _bn _2rdamedia |
||
| 338 |
_avolume _bnc _2rdacarrier |
||
| 650 | 4 |
_aالاقتصاد الاسلامي _956564 |
|
| 999 |
_aA25294 _c28862 _d28862 |
||